书目信息 |
| 题名: |
计算机在化学化工中的应用
|
|
| 作者: | 李谦 , 毛立群 , 房晓敏 主编 | |
| 分册: | ||
| 出版信息: | 北京 化学工业出版社 2018 |
|
| 页数: | 264页 | |
| 开本: | 26cm | |
| 丛书名: | ||
| 单 册: | ||
| 中图分类: | O6-39 , TQ015.9-43 | |
| 科图分类: | ||
| 主题词: | 计算机应用--ji suan ji ying yong--化学--高等学校--教材 , 计算机应用--ji suan ji ying yong--化学工业--高等学校--教材 | |
| 电子资源: | ||
| ISBN: | 978-7-122-32357-6 | |
| 000 | 00973cam 2200301 450 | |
| 001 | 012001000988 | |
| 005 | 20191108090152.34 | |
| 010 | @a978-7-122-32357-6@dCNY42.00 | |
| 099 | @aCAL 012018128196 | |
| 100 | @a20181016d2018 ekmy0chiy50 ea | |
| 101 | 0 | @achi |
| 102 | @aCN@b110000 | |
| 105 | @aak a 000yy | |
| 106 | @ar | |
| 200 | 1 | @a计算机在化学化工中的应用@Aji suan ji zai hua xue hua gong zhong de ying yong@f李谦, 毛立群, 房晓敏主编 |
| 205 | @a第3版 | |
| 210 | @a北京@c化学工业出版社@d2018 | |
| 215 | @a264页@c图@d26cm | |
| 300 | @a高等学校“十三五”规划教材 | |
| 606 | 0 | @a计算机应用@Aji suan ji ying yong@x化学@x高等学校@j教材 |
| 606 | 0 | @a计算机应用@Aji suan ji ying yong@x化学工业@x高等学校@j教材 |
| 690 | @aO6-39@v5 | |
| 690 | @aTQ015.9-43@v5 | |
| 701 | 0 | @a李谦@Ali qian@4主编 |
| 701 | 0 | @a毛立群@Amao li qun@4主编 |
| 701 | 0 | @a房晓敏@Afang xiao min@4主编 |
| 801 | 0 | @aCN@b北京卓展文化@c20191020 |
| 905 | @b1197306-9@dO6-39@e942=3@f4 | |
| 计算机在化学化工中的应用/李谦, 毛立群, 房晓敏主编.-第3版.-北京:化学工业出版社,2018 |
| 264页:图;26cm |
| 高等学校“十三五”规划教材 |
| ISBN 978-7-122-32357-6:CNY42.00 |
| ● |
| 相关链接 |
|
|
|
|
正题名:计算机在化学化工中的应用
索取号:O6-39/942=3
 
预约/预借
| 序号 | 登录号 | 条形码 | 馆藏地/架位号 | 状态 | 备注 |
| 1 | 1197306 | 211973060 | 第二样本阅览室/ [索取号:O6-39/942=3] | 在馆 | |
| 2 | 1197307 | 211973079 | 第三借阅区/ [索取号:O6-39/942=3] | 在馆 | |
| 3 | 1197308 | 211973088 | 第三借阅区/ [索取号:O6-39/942=3] | 在馆 | |
| 4 | 1197309 | 211973097 | 第三借阅区/ [索取号:O6-39/942=3] | 在馆 |